000 00560nam a2200241Ia 4500
008 190123s9999 xx 000 0 und d
020 _a9780531210802
050 _bZ46 2012
100 _aZeiger, Jennifer
245 0 _aPanda /
245 0 _cby Jennifer Zeiger.
260 _aNew York, New York :
260 _bScholastic,
260 _c2012
300 _a48 pages :
300 _bcolored illustrations ;
300 _c21cm.
440 _aNature's children.
500 _a770L
650 _aPandas.
700 _aSeries.
700 _aTitle.
999 _c361169
_d361169